A study of mothers knowledge about immunization schedule
Saved in:
| Main Author: | |
|---|---|
| Other Authors: | |
| Format: | Unknown |
| Published: |
1992
|
| Subjects: | |
| Online Access: | Visit NHRC Library |
| Tags: |
Add Tag
No Tags, Be the first to tag this record!
|
| LEADER | 00665 a2200169 4500 | ||
|---|---|---|---|
| 100 | |a Lohani, Dhana Nani |9 2022 | ||
| 245 | |a A study of mothers knowledge about immunization schedule | ||
| 260 | |c 1992 | ||
| 300 | |a 31p. ; | ||
| 500 | |a Research Report | ||
| 546 | |a eng. | ||
| 650 | |a A study of mothers knowledge about immunization schedule |9 2023 | ||
| 700 | |a Shrestha, Sarala |9 2024 | ||
| 856 | |u http://nhrc.org.np/index.php?option=com_content&view=article&id=48&Itemid=53 |y Visit NHRC Library | ||
| 942 | |2 NLM |c RR | ||
| 952 | |0 0 |1 0 |2 lcc |4 0 |6 RES 00060/LOH/01992 |7 0 |9 528 |a NHRC |b NHRC |c REF |d 2012-07-12 |l 0 |o RES 60/LOH/1992 |p RES-00060 |r 2012-07-12 |w 2012-07-12 |y RR | ||
| 999 | |c 522 |d 522 | ||